000 00624nam a2200229Ia 4500
003 OSt
005 20220928111646.0
006 a|||||r|||| 00| 0
007 ta
008 220927b |||||||| |||| 00| 0 eng d
024 _a1277
037 _cTextual
040 _aSDCL
_cSDCL
_beng
041 _2eng
_aeng
082 _aV2,4H'P, P4
100 _aPunyani Ram
_9410375
245 0 _aLoktantrik Bharat ya Hindu Rashtra
_bSangh parivar key rajniti
260 _aNew Delhi
_bVani Prakashan
_c2004
300 _a91p
_ccm.
942 _hV2,4H'P, P4
_cTEXL
_2CC
999 _c741313
_d741313